| 000 | 00695nam a2200229 4500 | ||
|---|---|---|---|
| 001 | 137730 | ||
| 003 | ES-MaACL | ||
| 005 | 20240506100536.0 | ||
| 007 | t| | ||
| 008 | 070214s1970 sp r ||||1| spa d | ||
| 100 | 1 |
_aSalgueiro, Francisco. _9101909 |
|
| 245 | 1 | 4 |
_aLos pulsos / _cFrancisco Salgueiro. |
| 260 |
_aSalamanca : _bDelegación Nacional de Cultura, _c1970 ( _fImp. Calatrava) |
||
| 300 |
_a79 p. ; _c21 cm. |
||
| 490 | 1 |
_aAlamo ; _v18 |
|
| 710 | 1 |
_aEspaña. _bDelegación Nacional de Cultura. _93684 |
|
| 830 | 0 |
_aColección Alamo ; _v18 _9184140 |
|
| 852 |
_aES-MaACL _jL-5690 _bR.106326 |
||
| 852 |
_aES-MaACL _jC-39034 _bR.77159 |
||
| 942 | _2udc | ||
| 999 |
_c137730 _d137730 |
||